000 01038nam a2200313 i 4500
999 _c64957
_d64957
001 768714001
003 CO-MdFUSB
005 20190422132948.0
008 190416t2011 ck |||| |||| 00| 0 spa d
020 _a9788431323417
040 _aCO-MdFUSB
_bspa
_cCO-MdFUSB
_dCO-MdFUSBC
_erda
041 _aspa
082 _224
_a241.66
_bIR65
100 _aIrala, Jokin de,
_eautor
245 _aEvitando el engaño de LGBT sobre la homosexualidad.
_c/ Jokin de Irala
264 1 _aBogotá, Colombia :
_bLeer,
_c[2011].
264 4 _c©2011
300 _a24 páginas
_c; 22 cm.
336 _2rdacontent
_atexto
_btxt
337 _2rdamedia
_asin mediación
_bn
338 _2rdacarrier
_avolumen
_bnc
504 _aIncluye bibliografía (páginas 58-62).
505 _a¿Qué sabemos hoy de la homosexualidad?. -- La homosexualidad en el debate público. -- ¿Qué podemos hacer?
563 _aRústico
650 7 _9299
_aIdentidad (Psicología)
650 0 _91346
_aSexo
653 _aHomosexualidad -- Cristianismo.
942 _cBK